Highest Grossing Disney Animated Movies - Statistics

General Stats
  • This quiz has been taken 40 times
  • The average score is 11 of 20
Answer Stats
# Money Earned Movie % Correct
2 $1,281,508,100 Frozen (2013)
100%
3 $1,063,611,805 The Lion King (1994)
86%
1 $1,450,026,933 Frozen II (2019)
75%
12 $438,656,843 Beauty and the Beast (1991)
72%
17 $303,500,000 Mulan (1998)
69%
6 $643,355,082 Moana (2016)
67%
9 $504,050,219 Aladdin (1992)
61%
7 $592,462,816 Tangled (2010)
61%
20 $263,591,415 Cinderella (1950)
58%
18 $270,997,378 The Princess and the Frog (2009)
53%
11 $448,191,189 Tarzan (1999)
47%
10 $496,511,521 Wreck-It Ralph (2012)
47%
4 $1,024,121,104 Zootopia (2016)
47%
5 $657,869,686 Big Hero 6 (2014)
42%
14 $347,100,000 Pocahontas (1995)
36%
19 $268,000,000 Bambi (1942)
31%
8 $529,290,830 Ralph Breaks the Internet (2018)
31%
16 $310,043,823 Chicken Little (2005)
28%
15 $328,015,029 Bolt (2008)
25%
13 $356,148,063 Dinosaur (2000)
19%
No matching quizzes found
Score Distribution
Percent of People with Each Score
Percentile by Number Answered
Your Score History
You have not taken this quiz